Statistics for Ultimate Greek/Roman Mythology Quiz

Click here to take the quiz!

General Stats

  • This quiz has been taken 117 times
  • The average score is 11 of 15

Answer Stats

QuestionAnswer% Correct
Who is the king of the Greek gods?Zeus
100%
How many labours did Heracles have?12
98%
What Titan holds the sky?Atlas
97%
What is Neptune's greek name?Poseidon
96%
_____ and the argonauts sailed the Argo to find the Golden FleeceJason
92%
Who is the Icarian Sea named after?Icarus
88%
Who brought down fire for the humans?Prometheus
87%
What is the Greek name for Bacchus?Dionysus
86%
Who is his/her Roman wife?Juno
84%
How many heads does the Hydra have?5
83%
Medusa was turned into a gorgon by ________Athena
82%
How many years did it take for Odysseus to get home?20
71%
What is the name of the island Calyspo was exiled to?Ogygia
40%
Who is the Roman goddess of magic and the crossroads?Trivia
18%
Who is the mother of Romalus and Remus?Rhea Silvia
17%

Score Distribution

Percentile by Number Answered

Percent of People with Each Score

Your Score History

You have not taken this quiz